<?xml version="1.0" encoding="UTF-8"?><marc:collection xmlns:marc="http://www.loc.gov/MARC21/slim">
  <marc:record>
    <marc:leader>05840nas a2201069 c 4500</marc:leader>
    <marc:controlfield tag="001">010025480</marc:controlfield>
    <marc:controlfield tag="003">DE-101</marc:controlfield>
    <marc:controlfield tag="005">20250813134405.0</marc:controlfield>
    <marc:controlfield tag="007">tu</marc:controlfield>
    <marc:controlfield tag="008">991118c19589999gw m||p|  ||| 0||||1ger c</marc:controlfield>
    <marc:datafield tag="015" ind1=" " ind2=" ">
      <marc:subfield code="a">82,A34,0767</marc:subfield>
      <marc:subfield code="2">dnb</marc:subfield>
    </marc:datafield>
    <marc:datafield tag="016" ind1="7" ind2=" ">
      <marc:subfield code="2">DE-600</marc:subfield>
      <marc:subfield code="a">953886-0</marc:subfield>
    </marc:datafield>
    <marc:datafield tag="016" ind1="7" ind2=" ">
      <marc:subfield code="2">DE-101</marc:subfield>
      <marc:subfield code="a">010025480</marc:subfield>
    </marc:datafield>
    <marc:datafield tag="022" ind1=" " ind2=" ">
      <marc:subfield code="a">0034-3692</marc:subfield>
    </marc:datafield>
    <marc:datafield tag="022" ind1=" " ind2=" ">
      <marc:subfield code="a">0034-3692</marc:subfield>
      <marc:subfield code="2">6</marc:subfield>
    </marc:datafield>
    <marc:datafield tag="035" ind1=" " ind2=" ">
      <marc:subfield code="a">(DE-599)ZDB953886-0</marc:subfield>
    </marc:datafield>
    <marc:datafield tag="035" ind1=" " ind2=" ">
      <marc:subfield code="a">(OCoLC)237021556</marc:subfield>
    </marc:datafield>
    <marc:datafield tag="040" ind1=" " ind2=" ">
      <marc:subfield code="a">9001</marc:subfield>
      <marc:subfield code="b">ger</marc:subfield>
      <marc:subfield code="c">DE-101</marc:subfield>
      <marc:subfield code="d">1140</marc:subfield>
    </marc:datafield>
    <marc:datafield tag="041" ind1=" " ind2=" ">
      <marc:subfield code="a">ger</marc:subfield>
    </marc:datafield>
    <marc:datafield tag="042" ind1=" " ind2=" ">
      <marc:subfield code="a">zdb</marc:subfield>
    </marc:datafield>
    <marc:datafield tag="044" ind1=" " ind2=" ">
      <marc:subfield code="c">XA-DE</marc:subfield>
    </marc:datafield>
    <marc:datafield tag="082" ind1="7" ind2="4">
      <marc:subfield code="8">8\p</marc:subfield>
      <marc:subfield code="a">796</marc:subfield>
      <marc:subfield code="a">630</marc:subfield>
      <marc:subfield code="q">DE-101</marc:subfield>
      <marc:subfield code="2">22sdnb</marc:subfield>
    </marc:datafield>
    <marc:datafield tag="083" ind1="7" ind2=" ">
      <marc:subfield code="a">793</marc:subfield>
      <marc:subfield code="a">796</marc:subfield>
      <marc:subfield code="q">DE-600</marc:subfield>
      <marc:subfield code="2">22sdnb</marc:subfield>
    </marc:datafield>
    <marc:datafield tag="084" ind1=" " ind2=" ">
      <marc:subfield code="a">31</marc:subfield>
      <marc:subfield code="2">ssgn</marc:subfield>
    </marc:datafield>
    <marc:datafield tag="084" ind1=" " ind2=" ">
      <marc:subfield code="a">BIODIV</marc:subfield>
      <marc:subfield code="q">DE-30</marc:subfield>
      <marc:subfield code="2">fid</marc:subfield>
    </marc:datafield>
    <marc:datafield tag="084" ind1=" " ind2=" ">
      <marc:subfield code="a">990</marc:subfield>
      <marc:subfield code="a">140</marc:subfield>
      <marc:subfield code="2">rpb</marc:subfield>
    </marc:datafield>
    <marc:datafield tag="222" ind1=" " ind2="0">
      <marc:subfield code="a">Reiter-Revue international</marc:subfield>
    </marc:datafield>
    <marc:datafield tag="245" ind1="0" ind2="0">
      <marc:subfield code="a">Reiter-Revue international</marc:subfield>
    </marc:datafield>
    <marc:datafield tag="246" ind1="3" ind2=" ">
      <marc:subfield code="a">Maxi-Mini</marc:subfield>
    </marc:datafield>
    <marc:datafield tag="246" ind1="3" ind2=" ">
      <marc:subfield code="a">Reiter-Revue Nordrhein-Westfalen</marc:subfield>
    </marc:datafield>
    <marc:datafield tag="246" ind1="3" ind2=" ">
      <marc:subfield code="a">Reiter-Revue exclusiv</marc:subfield>
    </marc:datafield>
    <marc:datafield tag="246" ind1="3" ind2=" ">
      <marc:subfield code="a">NRW aktuell</marc:subfield>
    </marc:datafield>
    <marc:datafield tag="246" ind1="1" ind2=" ">
      <marc:subfield code="i">1. Titelzusatz anfangs</marc:subfield>
      <marc:subfield code="a">RR</marc:subfield>
    </marc:datafield>
    <marc:datafield tag="246" ind1="1" ind2=" ">
      <marc:subfield code="i">2. Titelzusatz anfangs</marc:subfield>
      <marc:subfield code="a">&#152;die&#156; große Zeitschrift für Pferdesport, Pflege hippologischen Kulturgutes und für Gesellschaft</marc:subfield>
    </marc:datafield>
    <marc:datafield tag="264" ind1="3" ind2="1">
      <marc:subfield code="a">Hamburg</marc:subfield>
      <marc:subfield code="b">Jahr Media GmbH &amp; Co. KG</marc:subfield>
      <marc:subfield code="c">2025$n1958-[2025]</marc:subfield>
    </marc:datafield>
    <marc:datafield tag="264" ind1=" " ind2="1">
      <marc:subfield code="3">-1980</marc:subfield>
      <marc:subfield code="a">Mönchengladbach</marc:subfield>
      <marc:subfield code="b">Lapp</marc:subfield>
    </marc:datafield>
    <marc:datafield tag="264" ind1="2" ind2="1">
      <marc:subfield code="3">1981-2001,8</marc:subfield>
      <marc:subfield code="a">Düsseldorf</marc:subfield>
      <marc:subfield code="b">RBDV-Zeitschr.-Verl.</marc:subfield>
    </marc:datafield>
    <marc:datafield tag="264" ind1="2" ind2="1">
      <marc:subfield code="3">2001,9-2011,7</marc:subfield>
      <marc:subfield code="a">Singhofen</marc:subfield>
      <marc:subfield code="b">Parey</marc:subfield>
    </marc:datafield>
    <marc:datafield tag="264" ind1="2" ind2="1">
      <marc:subfield code="3">2011,8-[?]</marc:subfield>
      <marc:subfield code="a">Münster</marc:subfield>
      <marc:subfield code="b">Landwirtschaftsverlag</marc:subfield>
    </marc:datafield>
    <marc:datafield tag="300" ind1=" " ind2=" ">
      <marc:subfield code="c">28 cm</marc:subfield>
    </marc:datafield>
    <marc:datafield tag="336" ind1=" " ind2=" ">
      <marc:subfield code="a">Text</marc:subfield>
      <marc:subfield code="b">txt</marc:subfield>
      <marc:subfield code="2">rdacontent</marc:subfield>
    </marc:datafield>
    <marc:datafield tag="337" ind1=" " ind2=" ">
      <marc:subfield code="a">ohne Hilfsmittel zu benutzen</marc:subfield>
      <marc:subfield code="b">n</marc:subfield>
      <marc:subfield code="2">rdamedia</marc:subfield>
    </marc:datafield>
    <marc:datafield tag="338" ind1=" " ind2=" ">
      <marc:subfield code="a">Band</marc:subfield>
      <marc:subfield code="b">nc</marc:subfield>
      <marc:subfield code="2">rdacarrier</marc:subfield>
    </marc:datafield>
    <marc:datafield tag="362" ind1="0" ind2=" ">
      <marc:subfield code="a">[1.]1958; 2.1959 - 9.1966; 14.1971 - 18.1975; [19.]1976 - [35.]1992; 36.1993 -2025, 05</marc:subfield>
    </marc:datafield>
    <marc:datafield tag="363" ind1="0" ind2="0">
      <marc:subfield code="8">1.1\x</marc:subfield>
      <marc:subfield code="a">1</marc:subfield>
      <marc:subfield code="i">1958</marc:subfield>
    </marc:datafield>
    <marc:datafield tag="363" ind1="0" ind2="0">
      <marc:subfield code="8">2.1\x</marc:subfield>
      <marc:subfield code="a">2</marc:subfield>
      <marc:subfield code="i">1959</marc:subfield>
    </marc:datafield>
    <marc:datafield tag="363" ind1="1" ind2="0">
      <marc:subfield code="8">2.2\x</marc:subfield>
      <marc:subfield code="a">9</marc:subfield>
      <marc:subfield code="i">1966</marc:subfield>
    </marc:datafield>
    <marc:datafield tag="363" ind1="0" ind2="0">
      <marc:subfield code="8">3.1\x</marc:subfield>
      <marc:subfield code="a">14</marc:subfield>
      <marc:subfield code="i">1971</marc:subfield>
    </marc:datafield>
    <marc:datafield tag="363" ind1="1" ind2="0">
      <marc:subfield code="8">3.2\x</marc:subfield>
      <marc:subfield code="a">18</marc:subfield>
      <marc:subfield code="i">1975</marc:subfield>
    </marc:datafield>
    <marc:datafield tag="363" ind1="0" ind2="0">
      <marc:subfield code="8">4.1\x</marc:subfield>
      <marc:subfield code="a">19</marc:subfield>
      <marc:subfield code="i">1976</marc:subfield>
    </marc:datafield>
    <marc:datafield tag="363" ind1="1" ind2="0">
      <marc:subfield code="8">4.2\x</marc:subfield>
      <marc:subfield code="a">35</marc:subfield>
      <marc:subfield code="i">1992</marc:subfield>
    </marc:datafield>
    <marc:datafield tag="363" ind1="0" ind2="0">
      <marc:subfield code="8">5.1\x</marc:subfield>
      <marc:subfield code="a">36</marc:subfield>
      <marc:subfield code="i">1993</marc:subfield>
    </marc:datafield>
    <marc:datafield tag="363" ind1="1" ind2="0">
      <marc:subfield code="8">5.2\x</marc:subfield>
      <marc:subfield code="j">5</marc:subfield>
      <marc:subfield code="i">2025</marc:subfield>
    </marc:datafield>
    <marc:datafield tag="500" ind1=" " ind2=" ">
      <marc:subfield code="a">Später ohne Jahrgangszählung</marc:subfield>
    </marc:datafield>
    <marc:datafield tag="501" ind1=" " ind2=" ">
      <marc:subfield code="a">Ungezählte Beil.: Maxi-Mini; darin: Heftbeil. auf DVD; 1989 - 1990: Reiter-Revue Nordrhein-Westfalen; 2002: Reiter-Revue exclusiv; ab 47.2004 ersch. zu jedem Heft 1 DVD, später unregelmäßiges Erscheinen; ab 48.2005 ungez. Beil.: NRW aktuell</marc:subfield>
    </marc:datafield>
    <marc:datafield tag="515" ind1=" " ind2=" ">
      <marc:subfield code="a">Ersch. monatl.</marc:subfield>
    </marc:datafield>
    <marc:datafield tag="583" ind1="1" ind2=" ">
      <marc:subfield code="3">1994-44.2001</marc:subfield>
      <marc:subfield code="a">Archivierung/Langzeitarchivierung gewährleistet</marc:subfield>
      <marc:subfield code="f">PENW</marc:subfield>
      <marc:subfield code="5">DE-61</marc:subfield>
      <marc:subfield code="2">pdager</marc:subfield>
    </marc:datafield>
    <marc:datafield tag="583" ind1="1" ind2=" ">
      <marc:subfield code="a">Archivierung/Langzeitarchivierung gewährleistet</marc:subfield>
      <marc:subfield code="f">PERP</marc:subfield>
      <marc:subfield code="5">DE-929</marc:subfield>
      <marc:subfield code="2">pdager</marc:subfield>
    </marc:datafield>
    <marc:datafield tag="591" ind1=" " ind2=" ">
      <marc:subfield code="a">950!(22-07-25)</marc:subfield>
    </marc:datafield>
    <marc:datafield tag="650" ind1=" " ind2="7">
      <marc:subfield code="0">(DE-588)4049319-2</marc:subfield>
      <marc:subfield code="0">https://d-nb.info/gnd/4049319-2</marc:subfield>
      <marc:subfield code="0">(DE-101)040493199</marc:subfield>
      <marc:subfield code="a">Reiten</marc:subfield>
      <marc:subfield code="9">rswk-swf</marc:subfield>
      <marc:subfield code="2">gnd</marc:subfield>
    </marc:datafield>
    <marc:datafield tag="650" ind1=" " ind2="7">
      <marc:subfield code="a">Reiten</marc:subfield>
      <marc:subfield code="2">local</marc:subfield>
    </marc:datafield>
    <marc:datafield tag="650" ind1=" " ind2="7">
      <marc:subfield code="a">Pferd</marc:subfield>
      <marc:subfield code="2">local</marc:subfield>
    </marc:datafield>
    <marc:datafield tag="650" ind1=" " ind2="7">
      <marc:subfield code="8">6\p</marc:subfield>
      <marc:subfield code="0">(DE-588)4049319-2</marc:subfield>
      <marc:subfield code="0">https://d-nb.info/gnd/4049319-2</marc:subfield>
      <marc:subfield code="0">(DE-101)040493199</marc:subfield>
      <marc:subfield code="a">Reiten</marc:subfield>
      <marc:subfield code="2">gnd</marc:subfield>
    </marc:datafield>
    <marc:datafield tag="650" ind1=" " ind2="7">
      <marc:subfield code="8">7\p</marc:subfield>
      <marc:subfield code="0">(DE-588)4045503-8</marc:subfield>
      <marc:subfield code="0">https://d-nb.info/gnd/4045503-8</marc:subfield>
      <marc:subfield code="0">(DE-101)040455033</marc:subfield>
      <marc:subfield code="a">Pferd</marc:subfield>
      <marc:subfield code="2">gnd</marc:subfield>
    </marc:datafield>
    <marc:datafield tag="655" ind1=" " ind2="7">
      <marc:subfield code="0">(DE-588)4067488-5</marc:subfield>
      <marc:subfield code="0">https://d-nb.info/gnd/4067488-5</marc:subfield>
      <marc:subfield code="0">(DE-101)040674886</marc:subfield>
      <marc:subfield code="a">Zeitschrift</marc:subfield>
      <marc:subfield code="2">gnd-content</marc:subfield>
    </marc:datafield>
    <marc:datafield tag="655" ind1=" " ind2="7">
      <marc:subfield code="a">Zeitschrift</marc:subfield>
      <marc:subfield code="9">rswk-swf</marc:subfield>
      <marc:subfield code="2">gnd</marc:subfield>
    </marc:datafield>
    <marc:datafield tag="689" ind1="0" ind2="0">
      <marc:subfield code="0">(DE-588)4049319-2</marc:subfield>
      <marc:subfield code="0">https://d-nb.info/gnd/4049319-2</marc:subfield>
      <marc:subfield code="0">(DE-101)040493199</marc:subfield>
      <marc:subfield code="D">s</marc:subfield>
      <marc:subfield code="a">Reiten</marc:subfield>
    </marc:datafield>
    <marc:datafield tag="689" ind1="0" ind2="1">
      <marc:subfield code="A">f</marc:subfield>
      <marc:subfield code="a">Zeitschrift</marc:subfield>
    </marc:datafield>
    <marc:datafield tag="689" ind1="0" ind2=" ">
      <marc:subfield code="5">DE-6</marc:subfield>
      <marc:subfield code="5">DE-605</marc:subfield>
    </marc:datafield>
    <marc:datafield tag="770" ind1="0" ind2="8">
      <marc:subfield code="i">Supplement</marc:subfield>
      <marc:subfield code="n">Bis 1988 Beil.</marc:subfield>
      <marc:subfield code="t">Reiter-Revue Nordrhein-Westfalen</marc:subfield>
      <marc:subfield code="d">Düsseldorf : Zeitschriftenverl. RBDV, 1987-1988</marc:subfield>
      <marc:subfield code="w">(DE-600)1052070-3</marc:subfield>
      <marc:subfield code="w">(DE-101)015838838</marc:subfield>
    </marc:datafield>
    <marc:datafield tag="770" ind1="0" ind2="8">
      <marc:subfield code="i">Supplement</marc:subfield>
      <marc:subfield code="n">2002 - 2005 Beil.</marc:subfield>
      <marc:subfield code="t">Reiter-Revue extra</marc:subfield>
      <marc:subfield code="d">Singhofen : Parey, 2002-2005</marc:subfield>
      <marc:subfield code="w">(DE-600)2305813-4</marc:subfield>
      <marc:subfield code="w">(DE-101)96786173X</marc:subfield>
    </marc:datafield>
    <marc:datafield tag="770" ind1="0" ind2="8">
      <marc:subfield code="i">Supplement</marc:subfield>
      <marc:subfield code="n">2003 - 2007 Beil.</marc:subfield>
      <marc:subfield code="a">Riders Tour GmbH &lt;Mühlen, Steinfeld&gt;</marc:subfield>
      <marc:subfield code="t">Tour Planer ... / Riders Tour</marc:subfield>
      <marc:subfield code="d">Mühlen : Riders Tour GmbH, 2003-2007</marc:subfield>
      <marc:subfield code="w">(DE-600)2114842-9</marc:subfield>
      <marc:subfield code="w">(DE-101)02490872X</marc:subfield>
    </marc:datafield>
    <marc:datafield tag="770" ind1="0" ind2="8">
      <marc:subfield code="i">Supplement</marc:subfield>
      <marc:subfield code="n">2007 - 2008 Beil.</marc:subfield>
      <marc:subfield code="t">Reiter-Revue international / Jahresplaner. Jahresplaner ...</marc:subfield>
      <marc:subfield code="d">Singhofen : Parey, 2007-2008</marc:subfield>
      <marc:subfield code="w">(DE-600)2267482-2</marc:subfield>
      <marc:subfield code="w">(DE-101)982852010</marc:subfield>
    </marc:datafield>
    <marc:datafield tag="770" ind1="0" ind2="8">
      <marc:subfield code="i">Supplement</marc:subfield>
      <marc:subfield code="n">Ab 2009 Beil.</marc:subfield>
      <marc:subfield code="t">Reiter-Revue international / Kalender. Kalender ...</marc:subfield>
      <marc:subfield code="d">Singhofen : Parey, 2009-2010</marc:subfield>
      <marc:subfield code="w">(DE-600)2478411-4</marc:subfield>
      <marc:subfield code="w">(DE-101)99254324X</marc:subfield>
    </marc:datafield>
    <marc:datafield tag="770" ind1="0" ind2="8">
      <marc:subfield code="i">Supplement</marc:subfield>
      <marc:subfield code="n">Ab 57.2014,März - 58.2015,Sept. Suppl.</marc:subfield>
      <marc:subfield code="t">Pferdemarkt</marc:subfield>
      <marc:subfield code="d">Münster : Landwirtschaftsverl., 1977-[2015]</marc:subfield>
      <marc:subfield code="x">1432-3230</marc:subfield>
      <marc:subfield code="w">(DE-600)1009807-0</marc:subfield>
      <marc:subfield code="w">(DE-101)015429881</marc:subfield>
    </marc:datafield>
    <marc:datafield tag="770" ind1="0" ind2="8">
      <marc:subfield code="i">Supplement</marc:subfield>
      <marc:subfield code="n">2019-2021</marc:subfield>
      <marc:subfield code="t">Ingrid Klimke</marc:subfield>
      <marc:subfield code="d">Münster : Landwirtschaftsverlag GmbH, [2018-2021]</marc:subfield>
      <marc:subfield code="h">Bände</marc:subfield>
      <marc:subfield code="w">(DE-600)3064357-0</marc:subfield>
      <marc:subfield code="w">(DE-101)1233622196</marc:subfield>
    </marc:datafield>
    <marc:datafield tag="770" ind1="0" ind2="8">
      <marc:subfield code="i">Supplement</marc:subfield>
      <marc:subfield code="t">Kosmos-Reiterjahr</marc:subfield>
      <marc:subfield code="d">Stuttgart : Franckh-Kosmos, 1995-1998</marc:subfield>
      <marc:subfield code="w">(DE-600)1291238-4</marc:subfield>
      <marc:subfield code="w">(DE-101)018001076</marc:subfield>
    </marc:datafield>
    <marc:datafield tag="776" ind1="0" ind2="8">
      <marc:subfield code="i">Erscheint auch als</marc:subfield>
      <marc:subfield code="n">Online-Ausgabe</marc:subfield>
      <marc:subfield code="t">Reiter-Revue international</marc:subfield>
      <marc:subfield code="d">Hamburg : Jahr Media GmbH &amp; Co. KG, 2000-</marc:subfield>
      <marc:subfield code="h">Online-Ressource</marc:subfield>
      <marc:subfield code="w">(DE-600)2045841-1</marc:subfield>
      <marc:subfield code="w">(DE-101)021720924</marc:subfield>
    </marc:datafield>
    <marc:datafield tag="780" ind1="0" ind2="0">
      <marc:subfield code="i">2007 - 2009 Beil., dann darin aufgeg.</marc:subfield>
      <marc:subfield code="t">Junge Reiter-Revue international</marc:subfield>
      <marc:subfield code="d">Singhofen : Parey, 2007-2009</marc:subfield>
      <marc:subfield code="w">(DE-600)2412205-1</marc:subfield>
      <marc:subfield code="w">(DE-101)987672290</marc:subfield>
    </marc:datafield>
    <marc:datafield tag="780" ind1="0" ind2="0">
      <marc:subfield code="i">1991 darin aufgeg.</marc:subfield>
      <marc:subfield code="t">Pferd und Sport</marc:subfield>
      <marc:subfield code="d">Berlin : Verb., 1957-1990</marc:subfield>
      <marc:subfield code="x">0138-1342</marc:subfield>
      <marc:subfield code="w">(DE-600)600072-1</marc:subfield>
      <marc:subfield code="w">(DE-101)013442457</marc:subfield>
    </marc:datafield>
    <marc:datafield tag="780" ind1="0" ind2="0">
      <marc:subfield code="i">1971 darin aufgeg.</marc:subfield>
      <marc:subfield code="t">Reiter- und Fahrer-Magazin</marc:subfield>
      <marc:subfield code="d">Mönchengladbach : Lapp, 1956-1970</marc:subfield>
      <marc:subfield code="w">(DE-600)748612-1</marc:subfield>
      <marc:subfield code="w">(DE-101)014046067</marc:subfield>
    </marc:datafield>
    <marc:datafield tag="780" ind1="0" ind2="0">
      <marc:subfield code="i">Darin aufgeg.</marc:subfield>
      <marc:subfield code="t">Reiter-Revue extra</marc:subfield>
      <marc:subfield code="d">Singhofen : Parey, 2002-2005</marc:subfield>
      <marc:subfield code="w">(DE-600)2305813-4</marc:subfield>
      <marc:subfield code="w">(DE-101)96786173X</marc:subfield>
    </marc:datafield>
    <marc:datafield tag="785" ind1="0" ind2="8">
      <marc:subfield code="i">10.1967 - 13.1970</marc:subfield>
      <marc:subfield code="t">Reiter-Revue international - Pferd und Reiter</marc:subfield>
      <marc:subfield code="d">Mönchengladbach : Lapp, 1967-1970</marc:subfield>
      <marc:subfield code="w">(DE-600)600879-3</marc:subfield>
      <marc:subfield code="w">(DE-101)013449885</marc:subfield>
    </marc:datafield>
    <marc:datafield tag="785" ind1="0" ind2="4">
      <marc:subfield code="i">Aufgegangen in</marc:subfield>
      <marc:subfield code="t">Hooforia</marc:subfield>
      <marc:subfield code="d">Hamburg : Jahr Media GmbH &amp; CO. KG, [2025]-</marc:subfield>
      <marc:subfield code="h">Bände</marc:subfield>
      <marc:subfield code="x">3053-5719</marc:subfield>
      <marc:subfield code="w">(DE-600)3217668-5</marc:subfield>
      <marc:subfield code="w">(DE-101)1370210299</marc:subfield>
    </marc:datafield>
    <marc:datafield tag="850" ind1=" " ind2=" ">
      <marc:subfield code="a">DE-101a</marc:subfield>
      <marc:subfield code="a">DE-101b</marc:subfield>
    </marc:datafield>
    <marc:datafield tag="883" ind1="1" ind2=" ">
      <marc:subfield code="8">6\p</marc:subfield>
      <marc:subfield code="a">kasw</marc:subfield>
      <marc:subfield code="c">1,000</marc:subfield>
      <marc:subfield code="d">20230807</marc:subfield>
      <marc:subfield code="q">DE-101</marc:subfield>
      <marc:subfield code="u">https://d-nb.info/provenance/plan#kasw</marc:subfield>
    </marc:datafield>
    <marc:datafield tag="883" ind1="1" ind2=" ">
      <marc:subfield code="8">7\p</marc:subfield>
      <marc:subfield code="a">kasw</marc:subfield>
      <marc:subfield code="c">1,000</marc:subfield>
      <marc:subfield code="d">20230807</marc:subfield>
      <marc:subfield code="q">DE-101</marc:subfield>
      <marc:subfield code="u">https://d-nb.info/provenance/plan#kasw</marc:subfield>
    </marc:datafield>
    <marc:datafield tag="883" ind1="2" ind2=" ">
      <marc:subfield code="8">8\p</marc:subfield>
      <marc:subfield code="a">dnb</marc:subfield>
      <marc:subfield code="d">20210525</marc:subfield>
      <marc:subfield code="q">DE-101</marc:subfield>
      <marc:subfield code="u">https://d-nb.info/provenance/plan#dnb</marc:subfield>
    </marc:datafield>
    <marc:datafield tag="889" ind1=" " ind2=" ">
      <marc:subfield code="w">(DE-101)550701680</marc:subfield>
    </marc:datafield>
    <marc:datafield tag="925" ind1="r" ind2=" ">
      <marc:subfield code="a">ra</marc:subfield>
    </marc:datafield>
    <marc:datafield tag="925" ind1="w" ind2=" ">
      <marc:subfield code="a">g</marc:subfield>
    </marc:datafield>
    <marc:datafield tag="931" ind1=" " ind2=" ">
      <marc:subfield code="a">25-07-22</marc:subfield>
      <marc:subfield code="b">g</marc:subfield>
    </marc:datafield>
  </marc:record>
</marc:collection>
